| 000 | 01074cam a22003497a 4500 | ||
|---|---|---|---|
| 999 |
_c534304 _d534304 |
||
| 001 | 11823727 | ||
| 003 | NUST | ||
| 005 | 20200212184830.0 | ||
| 008 | 990628s1999 pk 000 0 urd | ||
| 010 | _a 99921884 | ||
| 020 | _a9694962617 | ||
| 025 | _aP-U-99921884; 05; 06 | ||
| 035 | _a(DLC) 99921884 | ||
| 038 | _aMSOHAIL | ||
| 040 |
_aDLC _cDLC _dDLC |
||
| 042 | _alcode | ||
| 050 | 0 | 0 | _aMLCSA 99/00153 (P) |
| 082 |
_a891.4391 _bFAR |
||
| 100 | 1 |
_aFarāz, Aḥmad, _d1931-2008. _92174 |
|
| 245 | 1 | 0 |
_aG̲h̲azal bahānah karūn̲ / _cAḥmad Farāz. |
| 260 |
_aIslāmābād : _bDost Pablīkeshanz, _c1999. |
||
| 300 |
_a163 p. ; _c22 cm. |
||
| 500 | _aGhazals. | ||
| 546 | _aIn Urdu. | ||
| 650 |
_aUrdu Literature _9347 |
||
| 880 |
_6100-01\(3\r _aاحمد فراز |
||
| 880 |
_6245-02\(3\r _aغزل بہا نہ کرو _cاحمد فراز |
||
| 880 |
_6260-03\(3\r _aاسلام آباد _bدوست پبلی کیشنز، _c2006 |
||
| 906 |
_a7 _bcbc _corigode _d3 _encip _f19 _gy-gencatlg |
||
| 942 |
_2ddc _cBK |
||